000 00448nam a2200121Ia 4500
008 170516s9999 xx 000 0 und d
245 2 _aA New High-performance Liquid Chromatography Method Development for Cleaning Validation of Adapalene Active Pharma Ingredient Dr. Y. Prashanthi
260 _bAsian Journal of Pharmaceutics
260 _c2017
300 _a11:1
650 _xPharmacy
856 _uhttp://www.asiapharmaceutics.info/index.php/ajp
999 _c330945
_d330945